01190 2200217 4500001002100000005001500021035002000036245003700056100001400093250001700107300003200124260003100156082001100187084001700198020002200215650001400237520063200251500003200883008004100915990001600956INLIS00000000000054620240827093146 a0010-08240000641 aBudi Daya Ikan Hias /cSoetrisno0 aSoetrisno aCetakan Ke-1 aiv, 60 hlm :bIlus ;c21 cm aDemak :bAzka Press,c2006 a639.34 a639.34 SOE b a978-979-744-463-5 4aBudi daya aSaat ini ikan hias mulai banyak dibudidayakan, baik ikan yang hidup di perairan air laut maupun di perairan air tawar. Oleh karena kebutuhan ikan hias di pasar lokal dan mancanegara sangat tinggi, bisnis ini menjanjikan hasil yang menguntungkan. Dalam buku ini penulis memaparkan tentang budi daya ikan hias jenis rainbow dan kongo tetra. setelah menjelaskan kekhasan ikan rainbow dan kongo tetra, penulis memaparkan tahapan budi dayanya. Mulai dari persiapan pemijahan ikan, penetasan telur, pendederan sampai pembesaran ikan. Penjelasan juga dilengkapi dengan teknik pemasaran dan analisis usaha sebagai panduan bagi pemula aSeri Keterampilan Perikanan240827 0  a00000002707